| 000 | 00576nam a22001937a 4500 | ||
|---|---|---|---|
| 003 | KOHA_MİRAKIL | ||
| 005 | 20251221134950.0 | ||
| 008 | 251221b tu ||||| |||| 00| 0 tur d | ||
| 020 | _a9786256647176 | ||
| 040 |
_aTR-AnABB _btur _cTR-AnABB |
||
| 041 | _atur | ||
| 082 |
_a809 _bGOU 2024 |
||
| 100 | 1 | _aGoulimari, Pelagia, | |
| 245 | 1 | 0 |
_aEdebiyat eleştirisi ve teori Platon'dan postkolonyalizme / _cPelagia Goulimari |
| 260 |
_aİstanbul : _bVakıfbank Kültür Yayınları, _c2024 |
||
| 300 |
_a444 sayfa ; _c20 cm |
||
| 650 | 0 | 4 | _aEdebiyat |
| 942 |
_2ddc _cBK |
||
| 999 |
_c9837 _d9837 |
||
| 900 | _bGizem YORULMAZ | ||